西武鉄道の乗降客数ランキング - Statistics

General Stats
  • This quiz has been taken 22 times
  • The average score is 57 of 92
Answer Stats
何位か 路線 Answer % Correct
1位 池袋線 池袋
100%
3位 新宿線 西武新宿
100%
2位 新宿線 高田馬場
95%
4位 有楽町線 小竹向原
90%
5位 複数路線 練馬
90%
7位 複数路線 所沢
90%
6位 複数路線 国分寺
86%
8位 池袋線 大泉学園
86%
12 新宿線 田無
86%
14 池袋線 保谷
86%
9位 池袋線 石神井公園
81%
10位 池袋線 秋津
81%
11 池袋線 ひばりヶ丘
81%
13 池袋線 清瀬
81%
19 複数路線 東村山
81%
15 新宿線 花小金井
76%
17 新宿線 本川越
76%
16 池袋線 東久留米
71%
22 拝島線 玉川上水
71%
32 多摩川線 武蔵境
71%
18 新宿線 新所沢
67%
20 池袋線 小手指
67%
25 複数路線 小平
67%
26 拝島線 拝島
67%
24 新宿線 狭山市
62%
30 池袋線 入間市
62%
33 池袋線 飯能
62%
36 複数路線 小川
62%
39 複数路線 西所沢
62%
49 多摩湖線 一橋学園
62%
59 豊島線 豊島園
62%
62 複数路線 西武球場前
62%
67 有楽町線 新桜台
62%
70 複数路線 萩山
62%
75 多摩川線 是政
62%
76 秩父線 西武秩父
62%
77 多摩川線 白糸台
62%
85 山口線 西武園ゆうえんち
62%
86 秩父線 横瀬
62%
21 新宿線 上石神井
57%
23 池袋線 中村橋
57%
27 池袋線 江古田
57%
28 新宿線 久米川
57%
29 新宿線 鷺ノ宮
57%
31 新宿線 武蔵関
57%
34 池袋線 富士見台
57%
37 池袋線 練馬高野台
57%
38 池袋線 東長崎
57%
40 国分寺線 鷹の台
57%
41 拝島線 東大和市
57%
61 多摩川線 多磨
57%
63 国分寺線 恋ヶ窪
57%
69 池袋線 仏子
57%
71 多摩湖線 青梅街道
57%
72 多摩湖線 武蔵大和
57%
73 池袋線 元加治
57%
74 狭山線 下山口
57%
79 池袋線 東飯能
57%
80 多摩川線 新小金井
57%
81 西武園線 西武園
57%
82 多摩川線 競艇場前
57%
83 複数路線 多摩湖
57%
84 池袋線 高麗
57%
87 複数路線 吾野
57%
88 池袋線 東吾野
57%
91 秩父線 西吾野
57%
92 秩父線 正丸
57%
35 新宿線 中井
52%
42 新宿線 航空公園
52%
43 新宿線 野方
52%
45 新宿線 下井草
52%
46 池袋線 武蔵藤沢
52%
48 池袋線 椎名町
52%
50 新宿線 新井薬師前
52%
64 拝島線 武蔵砂川
52%
65 拝島線 西武立川
52%
66 新宿線 下落合
52%
78 多摩湖線 八坂
52%
89 秩父線 芦ヶ久保
52%
90 池袋線 武蔵横手
52%
44 池袋線 狭山ヶ丘
48%
47 新宿線 東伏見
48%
51 新宿線 上井草
48%
52 新宿線 井荻
48%
53 新宿線 沼袋
48%
54 新宿線 都立家政
48%
55 新宿線 新狭山
48%
56 新宿線 南大塚
48%
57 新宿線 入曽
48%
58 新宿線 西武柳沢
48%
68 池袋線 稲荷山公園
48%
60 池袋線 桜台
43%
No matching quizzes found
Score Distribution
Percent of People with Each Score
Percentile by Number Answered
Your Score History
You have not taken this quiz